| 000 | 00753nam a2200265Ia 4500 | ||
|---|---|---|---|
| 001 | Para_4721 | ||
| 003 | CHAP | ||
| 008 | 220125s1899 xx 000 0 und d | ||
| 010 | _a203195 | ||
| 040 | _cCHAP | ||
| 090 | _aPA FOLLETO 2122 | ||
| 100 |
_aWebster, F. M. _9121306 |
||
| 245 |
_aThe chinch bug : _b experiments with insecticides / _c F. M. Webster |
||
| 260 |
_aColumbus, Ohio : _b Agricultural Experiment Station |
||
| 300 | _ap. 237-256 | ||
| 440 |
_aOhio. Agr. Exp. Sta. Bull; 106 _9168848 |
||
| 650 |
_aChinche de los cereales _922578 |
||
| 901 | _aPA FOLLETO 2122 | ||
| 902 | _aA | ||
| 905 | _a0000001899 ck 0000000000 00 | ||
| 910 | _a1899 | ||
| 942 | _cPARA | ||
| 942 |
_cPARA _d1 |
||
| 999 |
_c203195 _d203195 |
||